Partial-wave expansion for photoproduction of two pseudoscalars on a nucleon; Physical Review C - Nuclear Physics; Vol. 85, № 3

Podrobná bibliografie
Parent link:Physical Review C - Nuclear Physics.— , 1970-
Vol. 85, № 3.— 2012.— [035502 (8 p.)]
Hlavní autor: Fiks (Fix) A. I. Alexander Ivanovich
Korporativní autor: Национальный исследовательский Томский политехнический университет Физико-технический институт Кафедра высшей математики и математической физики
Další autoři: Arenhövel H.
Shrnutí:Title screen
The amplitudes for photoproduction of two pseudoscalars on a nucleon are expanded in the overall center-of-momentum (c.m.) frame in a model-independent way with respect to the contribution of the final-state partial wave of total angular momentum J and its projection on the normal to the plane spanned by the momenta of the final particles. The expansion coefficients, which are analogs to the multipole amplitudes for single-meson photoproduction, contain the complete information about the reaction dynamics.
Jazyk:angličtina
Vydáno: 2012
Témata:
On-line přístup:http://dx.doi.org/10.1103/PhysRevC.85.035502
Médium: MixedMaterials Elektronický zdroj Kapitola
KOHA link:https://koha.lib.tpu.ru/cgi-bin/koha/opac-detail.pl?biblionumber=650014

MARC

LEADER 00000naa0a2200000 4500
001 650014
005 20250310130427.0
035 |a (RuTPU)RU\TPU\network\15196 
035 |a RU\TPU\network\8279 
090 |a 650014 
100 |a 20160905d2012 k||y0rusy50 ba 
101 0 |a eng 
102 |a US 
135 |a drcn ---uucaa 
181 0 |a i  
182 0 |a b 
200 1 |a Partial-wave expansion for photoproduction of two pseudoscalars on a nucleon  |f A. I. Fiks (Fix), H. Arenhövel 
203 |a Text  |c electronic 
300 |a Title screen 
320 |a [References: 31 tit.] 
330 |a The amplitudes for photoproduction of two pseudoscalars on a nucleon are expanded in the overall center-of-momentum (c.m.) frame in a model-independent way with respect to the contribution of the final-state partial wave of total angular momentum J and its projection on the normal to the plane spanned by the momenta of the final particles. The expansion coefficients, which are analogs to the multipole amplitudes for single-meson photoproduction, contain the complete information about the reaction dynamics. 
461 |t Physical Review C - Nuclear Physics  |d 1970- 
463 |t Vol. 85, № 3  |v [035502 (8 p.)]  |d 2012 
610 1 |a труды учёных ТПУ 
610 1 |a электронный ресурс 
610 1 |a фоторождение 
700 1 |a Fiks (Fix)  |b A. I.  |c Physicist  |c Professor of Tomsk Polytechnic University, Doctor of Physical and Mathematical Sciences  |f 1968-  |g Alexander Ivanovich  |3 (RuTPU)RU\TPU\pers\33830  |9 17419 
701 1 |a Arenhövel  |b H. 
712 0 2 |a Национальный исследовательский Томский политехнический университет  |b Физико-технический институт  |b Кафедра высшей математики и математической физики  |3 (RuTPU)RU\TPU\col\18727  |9 27176 
801 1 |a RU  |b 63413507  |c 20150904 
801 2 |a RU  |b 63413507  |c 20161028  |g RCR 
856 4 |u http://dx.doi.org/10.1103/PhysRevC.85.035502 
942 |c CF